Integration

Saved in:
Bibliographic Details
Main Author: Bourbaki, Nicolas
Format: Book
Language:English
French
Published: Berlin ; New York : Springer, c2004
Series:Bourbaki Nicolas. Elements de mathimatique. English
Subjects:
Tags: Add Tag
No Tags, Be the first to tag this record!

MARC

LEADER 00000nam a2200000 i 4500
001 1/59636
008 071019s2004 eng d
020 |a 3-540-41129-1 
020 |a 3-540-20585-3 
035 |l 10091692 
040 |a GR-MY-UA  |b gre  |e aacr 
041 0 |a eng  |h fre 
082 0 |a 515.43  |2 (22) 
100 1 |a Bourbaki, Nicolas. 
245 1 0 |a Integration /  |c Nicolas Bourbaki ; translated by Sterlin K. Beberian 
260 |a Berlin ; New York :   |b Springer,   |c c2004 
300 |a 2 τ.;  |c 25 εκ. 
490 1 |a Elements of mathematics 
504 |a Περιλαμβάνουν βιβλιογραφικές παραπομπές και ευρετήρια 
505 0 |a Τ.1. Chapters 1-6 -- τ.2. Chapters 7-9 
650 0 0 |a Integrals. 
830 0 |a Bourbaki Nicolas. Elements de mathimatique. English 
852 |a INST  |b SAMOS  |e 20080115  |h 515.43 BOU  |p 005300027284  |q 005300027284  |t BK  |y 0  |z τ.2 
852 |a INST  |b SAMOS  |e 20071019  |h 515.43 BOU  |p 005300028037  |q 005300028037  |t BK  |y 0  |z τ.1 
852 |a INST  |b SAMOS  |e 20080115  |h 515.43 BOU  |p 005300027284  |q 005300027284  |t BK  |v τ.2:  |y 0  |z τ.2 
852 |a INST  |b SAMOS  |e 20071019  |h 515.43 BOU  |p 005300028037  |q 005300028037  |t BK  |v τ.1:  |y 0  |z τ.1 
853 |a INST  |b SAMOS  |h 515.43 BOU 
901 |a BIBL3-2008-1 
901 |a BIBL3-2007-3 
909 |a Σ  |b 143586 
909 |a Σ  |b 139371 
922 |a 3ΕΛΗ  |b 200712  |c ΕΠΕΑΕΚ2/ΜΑΘ  |d ΕΛΕΥΘΕΡΟΥΔΑΚΗΣ 
922 |a 3ΕΛΗ  |b 200709  |c ΕΠΕΑΕΚ2/ΤΜΗΜΑ ΜΑΘΗΜΑΤΙΚΩΝ  |d ΠΑΠΑΣΩΤΗΡΙΟΥ 
970 |a ΡΟΥΣΣΟΥ  |b ΚΩΝΣΤΑΝΤΙΝΑ  |z 2007/10/19